000
00254nam a2200109Ia 4500
008
220204s9999 xx 000 0 und d
082
_a
82-3
_b
LAW
100
_a
Lawrence, D H
245
0
_a
Sons and lovers
260
_a
England
_b
Penguin
_c
1978
942
_c
BK
999
_c
33025
_d
33025